00354nam a22001097a 4500008004100000082001500041100002800056245009400084260004300178300000900221440001400230230621b xxu||||| |||| 00| 0 eng d a328.4bSOC cJ.M Davies and J.Sharpe aThe Table bThe Journal of the Society of Clerks-at-the-table in Commonwealth Parliaments aLondonbCommonwealth Parliamentsc1983 a192p vvolume 51